000 00245nam a22001097a 4500
082 _a080/DAS
100 _aDas,Gaur Gopal
_982097
245 _aYou Can Have It All
260 _aHarayana
_bHarpercolins
_c2026
650 _aMotivation
942 _cBK
999 _c68708
_d68708